| 000 | 00432nam a2200169Ia 4500 | ||
|---|---|---|---|
| 008 | 240729s9999 xx 000 0 und d | ||
| 022 | _a2231-0916 | ||
| 245 | 0 | _aVeterinary World | |
| 260 | _aIndia | ||
| 260 | _bVeterinary World | ||
| 650 | _a Animal culture | ||
| 650 | _a Veterinary medicine | ||
| 650 | _aAgriculture | ||
| 856 | _uhttps://doaj.org/toc/b34331852e334ac2be0cb61206cbf60c | ||
| 942 | _2ddc | ||
| 942 | _cDOAJEJ | ||
| 999 |
_c68662 _d68662 |
||
| 945 |
_a1 _bMadushi Gamage _c1 _dMadushi Gamage |
||